005850000a220013300045000410009000000820012000091000022000212450203000432600047002463000014002935000045003075020093003520010006004450 aEsp.04aT T736d1 aTovar, Ricardo A.10aDiseño curricular para el curso de formación de liderazgo cristiano basado en la metodologia por competencias del instituto ministerial de Medellin - IMM / Rucardo A. Tovar, W. alejandro Vasquez aMedellin : Seminario Bíblico de Colombia a51 Pág. aAsesor: Milton Acosta, Dr. en Teología aTesis (práctica investigativa) Fundación Universitaria Seminario Biblico de Colombia14841